Normal view
MARC view
- إعداد: سفر بن عبد الرحمن الحوالي ؛ اشراف محمد قطب
Entry Personal Name
001 - CONTROL NUMBER
- control field: 56441
003 - CONTROL NUMBER IDENTIFIER
- control field: JO-AjAnu
005 - DATE AND TIME OF LATEST TRANSACTION
- control field: 20230606083241.0
008 - FIXED-LENGTH DATA ELEMENTS
- fixed length control field: 230606|| aca||aabn | a|a d
040 ## - CATALOGING SOURCE
- Original cataloging agency: JO-AjAnu
- Transcribing agency: JO-AjAnu
100 ## - HEADING--PERSONAL NAME
- Personal name: إعداد: سفر بن عبد الرحمن الحوالي ؛ اشراف محمد قطب
670 ## - SOURCE DATA FOUND
- Source citation: Work cat.: (JO-AjAnu)28801: إعداد: سفر بن عبد الرحمن الحوالي ؛ اشراف محمد قطب, author, ظاهرة الإرجاء في الفكر الإسلامي، ج1